| 000 | 00347nam a22001097a 4500 | ||
|---|---|---|---|
| 008 | 230621b xxu||||| |||| 00| 0 eng d | ||
| 082 |
_a328.3 _bIPU 1997 |
||
| 245 | _aResults 97th Conference and Related Meetings of the Inter-Parliamentary Union | ||
| 260 |
_aRepublic of Korea _bInter-Parliamentary Union _c1997 |
||
| 300 | _aIII,12p | ||
| 942 |
_2ddc _cBK |
||
| 999 |
_c2158 _d2158 |
||